|
|
|
|
| LEADER |
00984nam a2200277 a 4500 |
| 001 |
000092520 |
| 003 |
CZ BrMZK |
| 005 |
19960815143423.0 |
| 007 |
ta |
| 008 |
960815s1955 gw f ger d |
| 040 |
|
|
|a BOA001
|b cze
|
| 080 |
|
|
|a 929 Beckmann, Max
|2 MRF
|
| 080 |
|
|
|a 75(430)"18/19":92 Beckmann, Max
|2 MRF
|
| 080 |
|
|
|a 830-94
|2 MRF
|
| 100 |
1 |
|
|a Beckmann, Max,
|d 1884-1950
|7 ola2002152307
|4 aut
|
| 245 |
1 |
0 |
|a Briefe im Kriege :
|b mit 22 Zeichnungen /
|c Max Beckmann.
|
| 260 |
|
|
|a München :
|b A. Langen,
|c 1955
|
| 300 |
|
|
|a 74 s. :
|b il. ;
|c 18 cm
|
| 490 |
1 |
|
|a Langen-Müller's kleine Geschenkbücher ;
|v 36
|
| 541 |
|
|
|a Brno, Masarykova univerzita
|
| 653 |
0 |
|
|a Beckmann, Max 1884-1950
|a němečtí malíři
|
| 830 |
|
0 |
|a Langen-Müller's kleine Geschenkbücher
|
| 910 |
|
|
|a BOA001
|b 1-1024.377
|
| 964 |
|
|
|a Beckmann
|b Max
|f 1884-1950
|x vzpomínky vlastní
|
| 990 |
|
|
|a BK
|
| 996 |
7 |
|
|b 2610041515
|c 1-1024.377
|l MZK
|r Sklad / do 1 hodiny
|n 2
|p vým
|w 000092520
|u 000010
|a 1
|e BOA001
|j MZK50
|s A
|